Lech Poznań trenerzy w XXI wieku - Statystyki

Ogólne statystyki
  • Ten quiz został rozwiązany 712 razy
    174 od ostatniego zresetowania
  • Średni wynik to 13 z 23
Statystyki odpowiedzi
Lata Narodowość Trener % Poprawnych
2014-2015 Polska Maciej Skorza
94%
2021-2022 Polska Maciej Skorza
94%
2012-2014 Polska Mariusz Rumak
90%
2024 Polska Mariusz Rumak
90%
2006-2009 Polska Franciszek Smuda
82%
2022-2024 Holandia John van den Brom
79%
2024- Dania Niels Frederiksen
79%
2018-2019 Polska Adam Nawałka
78%
2009-2010 Polska Jacek Zielinski
72%
2010-2012 Hiszpania José Mari Bakero
72%
2018 Polska Dariusz Żuraw
70%
2019-2021 Polska Dariusz Żuraw
70%
2015-2016 Polska Jan Urban
70%
2016-2018 Chorwacja Nenad Bjelica
69%
2003-2006 Polska Czeslaw Michniewicz
64%
2018 Serbia Ivan Djurdjevic
58%
2018 Polska Rafal Ulatowski
28%
2003 Czechy Libor Pala
25%
2014 Polska Krzysztof Chrobak
19%
2001-2002 Polska Boguslaw Baniak
16%
2003 Czechy Bohumil Panik
12%
2002-2003 Polska Czeslaw Jakolcewicz
7%
200-2001 Polska Adam Topolski
5%
Nie znaleziono quizów pasujących do podanych kryteriów
Rozkład punktacji
Procent ludzi z każdym wynikiem
Percentyl według liczby udzielonych odpowiedzi
Twoja historia wyników
Nie rozwiązałeś tego quizu od ostatniego zresetowania